| 000 | 00313nam a2200097Ia 4500 | ||
|---|---|---|---|
| 082 | _aMMID-PGSE-PCHR | ||
| 245 | 0 | _auMama : recollections of South African mothers and grandmothers | |
| 100 |
_a KEIM, Marion Cape Town, 2009 1st ed _992005 |
||
| 942 | _cBK | ||
| 008 | 210817s9999 xx 000 0 und d | ||
| 999 |
_c373968 _d373967 |
||